[Event "Hoogeveen Open"]
[Site "Hoogeveen, Netherlands"]
[Date "2018.10.24"]
[Round "6.20"]
[White "Kokje, Joris"]
[Black "Thrish, Karthik"]
[Result "1/2-1/2"]
[WhiteElo "2232"]
[BlackElo "2116"]

1. d4 {[%clk 01:30:57]} {[%emt 00:00:02]} d5 {[%clk 01:30:20]} {[%emt
00:00:41]} 2. c4 {[%clk 01:31:08]} {[%emt 00:00:19]} dxc4 {[%clk 01:28:44]}
{[%emt 00:02:06]} 3. Nf3 {[%clk 01:31:29]} {[%emt 00:00:09]} a6 {[%clk
01:29:11]} {[%emt 00:00:03]} 4. e3 {[%clk 01:28:20]} {[%emt 00:03:39]} b5
{[%clk 01:15:58]} {[%emt 00:13:43]} 5. a4 {[%clk 01:27:49]} {[%emt 00:01:00]}
Bb7 {[%clk 01:11:35]} {[%emt 00:04:53]} 6. b3 {[%clk 01:26:29]} {[%emt
00:01:50]} Nf6 {[%clk 01:03:33]} {[%emt 00:08:33]} 7. axb5 {[%clk 01:24:16]}
{[%emt 00:02:43]} axb5 {[%clk 01:03:24]} {[%emt 00:00:38]} 8. Rxa8 {[%clk
01:24:29]} {[%emt 00:00:17]} Bxa8 {[%clk 01:03:51]} {[%emt 00:00:03]} 9. bxc4
{[%clk 01:24:32]} {[%emt 00:00:27]} bxc4 {[%clk 01:04:16]} {[%emt 00:00:05]} 10.
Ba3 {[%clk 01:22:51]} {[%emt 00:02:11]} Nbd7 {[%clk 00:51:26]} {[%emt
00:13:21]} 11. Qa4 {[%clk 01:11:18]} {[%emt 00:12:03]} e6 {[%clk 00:39:33]}
{[%emt 00:12:23]} 12. Bxf8 {[%clk 01:07:09]} {[%emt 00:04:37]} Kxf8 {[%clk
00:39:53]} {[%emt 00:00:11]} 13. Qa3+ {[%clk 01:06:53]} {[%emt 00:00:46]} c5
{[%clk 00:32:01]} {[%emt 00:08:23]} 14. dxc5 {[%clk 01:02:20]} {[%emt
00:05:03]} Bxf3 {[%clk 00:29:05]} {[%emt 00:03:26]} 15. c6+ {[%clk 00:52:25]}
{[%emt 00:10:25]} Kg8 {[%clk 00:23:43]} {[%emt 00:05:53]} 16. gxf3 {[%clk
00:51:51]} {[%emt 00:01:03]} Qb6 {[%clk 00:15:20]} {[%emt 00:08:54]} 17. Qa8+
{[%clk 00:38:33]} {[%emt 00:13:47]} Nb8 {[%emt 00:11:31]} 18. Qb7 {[%clk
00:33:29]} Qxb7 {[%clk 00:10:15]} {[%emt 00:00:09]} 19. cxb7 {[%clk 00:33:54]}
{[%emt 00:00:05]} Kf8 {[%clk 00:06:55]} {[%emt 00:03:51]} 20. Bxc4 {[%clk
00:33:30]} {[%emt 00:00:53]} Ke7 {[%clk 00:05:07]} {[%emt 00:02:18]} 21. Ke2
{[%clk 00:30:32]} {[%emt 00:03:28]} Rd8 {[%clk 00:01:50]} {[%emt 00:03:47]} 22.
Nc3 {[%clk 00:29:49]} {[%emt 00:01:13]} Rd7 {[%clk 00:01:16]} {[%emt 00:01:05]}
23. Rb1 {[%clk 00:27:45]} {[%emt 00:02:34]} Rc7 {[%clk 00:01:27]} {[%emt
00:00:19]} 24. Rb4 {[%clk 00:27:58]} {[%emt 00:00:16]} Ne8 {[%clk 00:01:22]}
{[%emt 00:00:35]} 25. Ne4 {[%clk 00:27:24]} {[%emt 00:01:04]} h6 {[%clk
00:00:45]} {[%emt 00:01:08]} 26. Bd3 {[%clk 00:23:03]} {[%emt 00:04:50]} f5
{[%clk 00:00:38]} {[%emt 00:00:38]} 27. Ng3 {[%clk 00:23:29]} {[%emt 00:00:04]}
Nd6 {[%clk 00:00:41]} {[%emt 00:00:27]} 28. e4 {[%clk 00:23:53]} {[%emt
00:00:06]} g6 {[%clk 00:00:42]} {[%emt 00:00:29]} 29. Rb6 {[%clk 00:21:55]}
{[%emt 00:02:28]} Rxb7 {[%clk 00:00:46]} {[%emt 00:00:26]} 30. Rxb7+ {[%clk
00:22:14]} {[%emt 00:00:10]} Nxb7 {[%clk 00:01:15]} {[%emt 00:00:02]} 31. exf5
{[%clk 00:22:37]} {[%emt 00:00:07]} exf5 {[%clk 00:01:34]} {[%emt 00:00:10]} 32.
Bxf5 {[%clk 00:23:00]} {[%emt 00:00:06]} gxf5 {[%clk 00:02:03]} {[%emt
00:00:02]} 33. Nxf5+ {[%clk 00:23:23]} {[%emt 00:00:07]} Kf6 {[%clk 00:02:07]}
{[%emt 00:00:25]} 34. Nxh6 {[%clk 00:23:49]} {[%emt 00:00:04]} Kg5 {[%clk
00:02:20]} {[%emt 00:00:18]} 35. Nf7+ {[%clk 00:22:46]} {[%emt 00:01:32]} Kf6
{[%clk 00:02:23]} {[%emt 00:00:26]} 36. Nh6 {[%clk 00:23:01]} {[%emt 00:00:15]}
Kg5 {[%clk 00:00:45]} {[%emt 00:02:09]} 37. Ng4 {[%clk 00:23:25]} {[%emt
00:00:06]} Nd7 {[%clk 00:00:55]} {[%emt 00:00:20]} 38. Ke3 {[%clk 00:23:23]}
{[%emt 00:00:31]} Nbc5 {[%clk 00:01:06]} {[%emt 00:00:19]} 39. Kd4 {[%clk
00:20:11]} {[%emt 00:03:42]} Ne6+ {[%clk 00:00:49]} {[%emt 00:00:48]} 40. Kd5
{[%clk 00:20:07]} {[%emt 00:00:33]} Nf4+ {[%clk 00:00:48]} {[%emt 00:00:31]} 41.
Ke4 {[%clk 00:19:34]} {[%emt 00:01:03]} Nc5+ {[%clk 00:00:38]} {[%emt
00:00:40]} 42. Ke5 {[%clk 00:17:51]} {[%emt 00:02:12]} Nd7+ {[%clk 00:00:39]}
{[%emt 00:00:30]} 43. Ke4 {[%clk 00:18:03]} {[%emt 00:00:17]} Ng6 {[%clk
00:00:58]} {[%emt 00:00:11]} 44. Ke3 {[%clk 00:17:33]} {[%emt 00:01:00]} Nf6
{[%clk 00:28:57]} {[%emt 00:02:31]} 45. h3 {[%clk 00:47:30]} {[%emt 00:00:33]}
Nxg4+ {[%clk 00:28:18]} {[%emt 00:01:10]} 46. fxg4 {[%clk 00:47:52]} {[%emt
00:00:07]} Nf4 {[%clk 00:28:20]} {[%emt 00:00:28]} 47. h4+ {[%clk 00:48:15]}
{[%emt 00:00:07]} Kxg4 {[%clk 00:28:47]} {[%emt 00:00:04]} 48. f3+ {[%clk
00:48:39]} {[%emt 00:00:06]} Kf5 {[%clk 00:29:08]} {[%emt 00:00:08]} 1/2-1/2

[Event "Hoogeveen Open"]
[Site "Hoogeveen, Netherlands"]
[Date "2018.10.24"]
[Round "6.21"]
[White "Sparenberg, Erik"]
[Black "Hilwerda, Jonas"]
[Result "1-0"]
[WhiteElo "2224"]
[BlackElo "2109"]

1. e4 {[%clk 01:30:39]} {[%emt 00:00:18]} e5 {[%clk 01:30:55]} {[%emt
00:00:06]} 2. Nf3 {[%clk 01:31:05]} {[%emt 00:00:06]} Nc6 {[%clk 01:31:22]}
{[%emt 00:00:02]} 3. Bb5 {[%clk 01:31:27]} {[%emt 00:00:08]} a6 {[%clk
01:31:49]} {[%emt 00:00:06]} 4. Ba4 {[%clk 01:31:52]} {[%emt 00:00:02]} d6
{[%clk 01:32:14]} {[%emt 00:00:05]} 5. c3 {[%clk 01:31:58]} {[%emt 00:00:24]}
f5 {[%clk 01:32:20]} {[%emt 00:00:24]} 6. d3 {[%clk 01:32:00]} {[%emt
00:00:28]} Nf6 {[%clk 01:32:39]} {[%emt 00:00:11]} 7. Nbd2 {[%clk 01:32:15]}
{[%emt 00:00:14]} fxe4 {[%clk 01:30:29]} {[%emt 00:02:41]} 8. dxe4 {[%clk
01:32:26]} {[%emt 00:00:20]} Bd7 {[%clk 01:27:22]} {[%emt 00:03:36]} 9. b4
{[%clk 01:27:04]} {[%emt 00:05:53]} h6 {[%clk 01:17:51]} {[%emt 00:10:00]} 10.
O-O {[%clk 01:17:38]} {[%emt 00:09:55]} g5 {[%clk 01:12:54]} {[%emt 00:05:28]}
11. Ne1 {[%clk 01:08:22]} {[%emt 00:09:46]} Bg7 {[%clk 01:08:55]} {[%emt
00:04:28]} 12. Bb3 {[%clk 01:08:42]} {[%emt 00:00:11]} Qe7 {[%clk 01:05:24]}
{[%emt 00:03:58]} 13. Nc2 {[%clk 01:07:16]} {[%emt 00:01:58]} Nd8 {[%clk
00:56:29]} {[%emt 00:09:25]} 14. Ne3 {[%clk 01:05:09]} {[%emt 00:02:38]} Nf7
{[%clk 00:50:59]} {[%emt 00:05:59]} 15. Re1 {[%clk 00:50:53]} {[%emt 00:14:47]}
h5 {[%clk 00:30:56]} {[%emt 00:20:32]} 16. Ndf1 {[%clk 00:38:47]} {[%emt
00:12:37]} h4 {[%clk 00:24:43]} {[%emt 00:06:43]} 17. Nd5 {[%clk 00:35:56]}
{[%emt 00:03:21]} Nxd5 {[%clk 00:18:49]} {[%emt 00:06:24]} 18. Qxd5 {[%clk
00:30:08]} {[%emt 00:06:18]} c6 {[%clk 00:16:50]} {[%emt 00:02:29]} 19. Qxf7+
{[%clk 00:27:27]} {[%emt 00:03:11]} Qxf7 {[%clk 00:17:18]} {[%emt 00:00:02]} 20.
Bxf7+ {[%clk 00:27:48]} {[%emt 00:00:08]} Kxf7 {[%clk 00:17:46]} {[%emt
00:00:03]} 21. Bxg5 {[%clk 00:28:05]} {[%emt 00:00:12]} Rh5 {[%clk 00:16:46]}
{[%emt 00:01:31]} 22. Be3 {[%clk 00:27:19]} {[%emt 00:01:16]} Be6 {[%clk
00:15:36]} {[%emt 00:01:40]} 23. Nd2 {[%clk 00:22:03]} {[%emt 00:05:46]} Rd8
{[%clk 00:05:55]} {[%emt 00:10:10]} 24. Nb3 {[%clk 00:14:53]} {[%emt 00:07:41]}
Bxb3 {[%clk 00:04:36]} {[%emt 00:01:49]} 25. axb3 {[%clk 00:15:21]} {[%emt
00:00:02]} d5 {[%clk 00:04:32]} {[%emt 00:00:34]} 26. Bb6 {[%clk 00:14:47]}
{[%emt 00:01:03]} Rd7 {[%clk 00:04:09]} {[%emt 00:00:54]} 27. Rad1 {[%clk
00:14:39]} {[%emt 00:00:38]} Ke6 {[%clk 00:03:43]} {[%emt 00:00:57]} 28. Rd3
{[%clk 00:13:10]} {[%emt 00:01:57]} Bf6 {[%clk 00:02:30]} {[%emt 00:01:43]} 29.
Red1 {[%clk 00:08:24]} {[%emt 00:05:16]} Rhh7 {[%clk 00:02:20]} {[%emt
00:00:41]} 30. f3 {[%clk 00:08:40]} {[%emt 00:00:13]} Rhg7 {[%clk 00:02:20]}
{[%emt 00:00:31]} 31. Be3 {[%clk 00:07:52]} {[%emt 00:01:17]} Rg8 {[%clk
00:02:25]} {[%emt 00:00:26]} 32. h3 {[%clk 00:07:10]} {[%emt 00:01:12]} Rdg7
{[%clk 00:01:30]} {[%emt 00:01:25]} 33. R1d2 {[%clk 00:06:53]} {[%emt
00:00:46]} Rd7 {[%clk 00:01:41]} {[%emt 00:00:19]} 34. Kf1 {[%clk 00:05:33]}
{[%emt 00:01:50]} Rgg7 {[%clk 00:01:20]} {[%emt 00:00:52]} 35. Rd1 {[%clk
00:04:55]} {[%emt 00:01:07]} Rg8 {[%clk 00:01:44]} {[%emt 00:00:07]} 36. R3d2
{[%clk 00:03:56]} {[%emt 00:01:29]} Rg6 {[%clk 00:01:38]} {[%emt 00:00:36]} 37.
Re1 {[%clk 00:02:45]} {[%emt 00:01:41]} Rg8 {[%clk 00:01:03]} {[%emt 00:01:06]}
38. Rd3 {[%clk 00:01:40]} {[%emt 00:01:35]} Rdg7 {[%clk 00:00:36]} {[%emt
00:00:56]} 39. Re2 {[%clk 00:01:58]} {[%emt 00:00:11]} Rd7 {[%clk 00:01:04]}
{[%emt 00:00:03]} 40. exd5+ {[%clk 00:01:12]} {[%emt 00:01:16]} Rxd5 {[%clk
00:01:23]} {[%emt 00:00:11]} 41. Red2 {[%clk 00:00:37]} {[%emt 00:01:03]} Rgd8
{[%clk 00:29:37]} {[%emt 00:02:17]} 42. Ke2 {[%clk 00:28:50]} {[%emt 00:02:17]}
Rg8 {[%clk 00:29:24]} {[%emt 00:00:43]} 43. Kf1 {[%clk 00:26:32]} {[%emt
00:02:47]} Rgd8 {[%clk 00:26:27]} {[%emt 00:03:27]} 44. Rxd5 {[%clk 00:26:35]}
{[%emt 00:00:27]} cxd5 {[%clk 00:25:15]} {[%emt 00:01:43]} 45. Bc5 {[%clk
00:20:03]} {[%emt 00:07:02]} Rc8 {[%clk 00:23:04]} {[%emt 00:02:41]} 46. c4
{[%clk 00:18:52]} {[%emt 00:01:41]} d4 {[%clk 00:21:09]} {[%emt 00:02:25]} 47.
f4 {[%clk 00:16:38]} {[%emt 00:02:45]} Rd8 {[%clk 00:11:21]} {[%emt 00:10:17]}
48. fxe5 {[%clk 00:16:12]} {[%emt 00:00:56]} Bxe5 {[%clk 00:10:13]} {[%emt
00:01:38]} 49. Kf2 {[%clk 00:15:30]} {[%emt 00:01:12]} Rd7 {[%clk 00:09:07]}
{[%emt 00:01:36]} 50. Rd3 {[%clk 00:14:58]} {[%emt 00:01:01]} Kf5 {[%clk
00:06:39]} {[%emt 00:02:57]} 51. Kf3 {[%clk 00:09:06]} {[%emt 00:06:22]} Rg7
{[%clk 00:06:50]} {[%emt 00:00:20]} 52. Bxd4 {[%clk 00:06:41]} {[%emt
00:02:55]} Rg3+ {[%clk 00:04:57]} {[%emt 00:02:23]} 53. Ke2 {[%clk 00:06:52]}
{[%emt 00:00:18]} Rxg2+ {[%clk 00:04:41]} {[%emt 00:00:47]} 54. Kf1 {[%clk
00:05:46]} {[%emt 00:01:36]} Rg3 {[%clk 00:04:41]} {[%emt 00:00:30]} 55. Rxg3
{[%clk 00:05:33]} {[%emt 00:00:43]} Bxg3 {[%clk 00:04:56]} {[%emt 00:00:15]} 56.
Ke2 {[%clk 00:04:59]} {[%emt 00:01:03]} Ke4 {[%clk 00:04:15]} {[%emt 00:01:11]}
57. Bf6 {[%clk 00:04:23]} {[%emt 00:01:06]} Kf5 {[%clk 00:03:18]} {[%emt
00:01:28]} 58. Be7 {[%clk 00:04:20]} {[%emt 00:00:32]} Ke4 {[%clk 00:03:05]}
{[%emt 00:00:43]} 59. Bd8 {[%clk 00:03:04]} {[%emt 00:01:47]} Kd4 {[%clk
00:03:12]} {[%emt 00:00:23]} 60. Bf6+ {[%clk 00:03:00]} {[%emt 00:00:33]} Ke4
{[%clk 00:03:34]} {[%emt 00:00:08]} 61. b5 {[%clk 00:02:11]} {[%emt 00:01:19]}
axb5 {[%clk 00:03:44]} {[%emt 00:00:21]} 62. cxb5 {[%clk 00:02:38]} {[%emt
00:00:04]} Kf5 {[%clk 00:03:26]} {[%emt 00:00:48]} 63. Bd8 {[%clk 00:02:59]}
{[%emt 00:00:08]} Ke4 {[%clk 00:02:34]} {[%emt 00:01:22]} 64. Be7 {[%clk
00:02:02]} {[%emt 00:01:27]} Kd4 {[%clk 00:01:51]} {[%emt 00:01:13]} 65. Kf3
{[%clk 00:02:04]} {[%emt 00:00:28]} Kc3 {[%clk 00:01:38]} {[%emt 00:00:42]} 66.
Kg4 {[%clk 00:02:09]} {[%emt 00:00:25]} Kxb3 {[%clk 00:02:02]} {[%emt
00:00:07]} 67. Bxh4 {[%clk 00:02:23]} {[%emt 00:00:16]} Bd6 {[%clk 00:01:43]}
{[%emt 00:00:49]} 68. Bf6 {[%clk 00:02:26]} {[%emt 00:00:26]} Kc4 {[%clk
00:01:41]} {[%emt 00:00:34]} 69. b6 {[%clk 00:01:59]} {[%emt 00:00:56]} Kc5
{[%clk 00:01:24]} {[%emt 00:00:47]} 70. Bd8 {[%clk 00:02:09]} {[%emt 00:00:19]}
Kc6 {[%clk 00:01:10]} {[%emt 00:00:44]} 71. h4 {[%clk 00:02:01]} {[%emt
00:00:38]} Kd7 {[%clk 00:01:35]} {[%emt 00:00:06]} 72. Bc7 {[%clk 00:01:24]}
{[%emt 00:01:07]} Bc5 {[%clk 00:00:58]} {[%emt 00:01:07]} 73. Kf5 {[%clk
00:01:37]} {[%emt 00:00:16]} Ke7 {[%clk 00:00:43]} {[%emt 00:00:46]} 74. Kg6
{[%clk 00:01:39]} {[%emt 00:00:28]} Kf8 {[%clk 00:01:01]} {[%emt 00:00:12]} 75.
h5 {[%clk 00:01:45]} {[%emt 00:00:24]} Bd4 {[%clk 00:01:01]} {[%emt 00:00:30]}
76. h6 {[%clk 00:01:54]} {[%emt 00:00:21]} Kg8 {[%clk 00:01:17]} {[%emt
00:00:14]} 77. Bd6 {[%clk 00:01:29]} {[%emt 00:00:54]} Kh8 {[%clk 00:00:32]}
{[%emt 00:01:17]} 78. Be7 {[%clk 00:01:03]} {[%emt 00:00:54]} 1-0

[Event "Hoogeveen Open"]
[Site "Hoogeveen, Netherlands"]
[Date "2018.10.24"]
[Round "6.24"]
[White "Ingebretsen, Jens E"]
[Black "Zarkovic, Mila"]
[Result "1-0"]
[WhiteElo "2160"]
[BlackElo "2213"]

1. e4 {[%clk 01:21:57]} {[%emt 00:08:55]} c5 {[%clk 01:30:58]} {[%emt
00:00:09]} 2. Nf3 {[%clk 01:22:18]} {[%emt 00:00:09]} d6 {[%clk 01:31:22]}
{[%emt 00:00:06]} 3. Bb5+ {[%clk 01:22:28]} {[%emt 00:00:20]} Bd7 {[%clk
01:30:30]} {[%emt 00:01:22]} 4. c4 {[%clk 01:22:52]} {[%emt 00:00:06]} a6
{[%clk 01:28:58]} {[%emt 00:02:03]} 5. Bxd7+ {[%clk 01:23:16]} {[%emt
00:00:06]} Nxd7 {[%clk 01:29:19]} {[%emt 00:00:09]} 6. Nc3 {[%clk 01:23:06]}
{[%emt 00:00:39]} Ngf6 {[%clk 01:29:26]} {[%emt 00:00:22]} 7. O-O {[%clk
01:23:05]} {[%emt 00:00:31]} e6 {[%clk 01:29:28]} {[%emt 00:00:28]} 8. d3
{[%clk 01:21:54]} {[%emt 00:01:42]} Be7 {[%clk 01:27:43]} {[%emt 00:02:15]} 9.
h3 {[%clk 01:21:22]} {[%emt 00:01:02]} Ne5 {[%clk 01:08:20]} {[%emt 00:19:53]}
10. Nh2 {[%clk 01:17:27]} {[%emt 00:04:25]} Nc6 {[%clk 01:03:25]} {[%emt
00:05:25]} 11. f4 {[%clk 01:17:21]} {[%emt 00:00:36]} Nd7 {[%clk 00:58:26]}
{[%emt 00:05:29]} 12. Be3 {[%clk 01:15:24]} {[%emt 00:02:27]} Bf6 {[%clk
00:58:24]} {[%emt 00:00:31]} 13. Kh1 {[%clk 01:09:51]} {[%emt 00:06:04]} Bd4
{[%clk 00:48:55]} {[%emt 00:10:00]} 14. Bd2 {[%clk 01:09:18]} {[%emt 00:01:02]}
Rb8 {[%clk 00:48:01]} {[%emt 00:01:25]} 15. Nf3 {[%clk 01:07:32]} {[%emt
00:02:15]} Bf6 {[%clk 00:47:53]} {[%emt 00:00:37]} 16. e5 {[%clk 00:59:49]}
{[%emt 00:08:13]} dxe5 {[%clk 00:37:19]} {[%emt 00:11:05]} 17. Ne4 {[%clk
00:59:34]} {[%emt 00:00:45]} O-O {[%clk 00:35:09]} {[%emt 00:02:40]} 18. Nxf6+
{[%clk 00:49:39]} {[%emt 00:10:25]} Qxf6 {[%clk 00:35:28]} {[%emt 00:00:10]} 19.
fxe5 {[%clk 00:48:24]} {[%emt 00:01:46]} Qg6 {[%clk 00:34:11]} {[%emt
00:01:46]} 20. Qe2 {[%clk 00:46:14]} {[%emt 00:02:40]} h6 {[%clk 00:29:43]}
{[%emt 00:04:59]} 21. Rad1 {[%clk 00:43:38]} {[%emt 00:03:07]} Qh5 {[%clk
00:23:04]} {[%emt 00:07:08]} 22. Rfe1 {[%clk 00:39:08]} {[%emt 00:05:00]} Rfd8
{[%clk 00:22:55]} {[%emt 00:00:39]} 23. Bf4 {[%clk 00:35:26]} {[%emt 00:04:12]}
Nf8 {[%clk 00:21:57]} {[%emt 00:01:28]} 24. Be3 {[%clk 00:31:20]} {[%emt
00:04:37]} Nd7 {[%clk 00:17:49]} {[%emt 00:04:38]} 25. Bg1 {[%clk 00:30:59]}
{[%emt 00:00:50]} Rbc8 {[%clk 00:15:55]} {[%emt 00:02:24]} 26. a3 {[%clk
00:25:59]} {[%emt 00:05:30]} b6 {[%clk 00:10:39]} {[%emt 00:05:47]} 27. b3
{[%clk 00:19:44]} {[%emt 00:06:44]} Ne7 {[%clk 00:08:39]} {[%emt 00:02:30]} 28.
d4 {[%clk 00:17:25]} {[%emt 00:02:49]} Nf5 {[%clk 00:07:32]} {[%emt 00:01:37]}
29. Bh2 {[%clk 00:17:47]} {[%emt 00:00:08]} Qg6 {[%clk 00:06:58]} {[%emt
00:01:04]} 30. d5 {[%clk 00:17:56]} {[%emt 00:00:21]} Ng3+ {[%clk 00:04:35]}
{[%emt 00:02:54]} 31. Bxg3 {[%clk 00:18:14]} {[%emt 00:00:12]} Qxg3 {[%clk
00:05:03]} {[%emt 00:00:01]} 32. Qe4 {[%clk 00:16:18]} {[%emt 00:02:26]} Nf8
{[%clk 00:04:52]} {[%emt 00:00:39]} 33. Rd3 {[%clk 00:15:05]} {[%emt 00:01:45]}
Qg6 {[%clk 00:04:48]} {[%emt 00:00:34]} 34. Qxg6 {[%clk 00:14:45]} {[%emt
00:00:50]} Nxg6 {[%clk 00:05:16]} {[%emt 00:00:02]} 35. Red1 {[%clk 00:14:57]}
{[%emt 00:00:18]} exd5 {[%clk 00:03:57]} {[%emt 00:01:49]} 36. cxd5 {[%clk
00:15:11]} {[%emt 00:00:15]} b5 {[%clk 00:03:59]} {[%emt 00:00:29]} 37. g3
{[%clk 00:13:57]} {[%emt 00:01:44]} c4 {[%clk 00:04:11]} {[%emt 00:00:19]} 38.
bxc4 {[%clk 00:13:28]} {[%emt 00:00:59]} Rxc4 {[%clk 00:02:29]} {[%emt
00:02:11]} 39. Rd4 {[%clk 00:11:09]} {[%emt 00:02:49]} Rc3 {[%clk 00:01:36]}
{[%emt 00:01:23]} 40. R1d3 {[%clk 00:11:29]} {[%emt 00:00:10]} Rc2 {[%clk
00:01:34]} {[%emt 00:00:32]} 41. Rd2 {[%clk 00:11:10]} {[%emt 00:00:49]} Rc3
{[%clk 00:00:58]} {[%emt 00:01:06]} 42. R4d3 {[%clk 00:11:29]} {[%emt
00:00:10]} Rc4 {[%clk 00:30:19]} {[%emt 00:01:09]} 43. d6 {[%clk 00:40:11]}
{[%emt 00:01:49]} Kf8 {[%clk 00:23:32]} {[%emt 00:07:17]} 44. h4 {[%clk
00:39:15]} {[%emt 00:01:25]} Re4 {[%clk 00:20:07]} {[%emt 00:03:55]} 45. Rd5
{[%clk 00:39:17]} {[%emt 00:00:29]} h5 {[%clk 00:17:09]} {[%emt 00:03:27]} 46.
Kg2 {[%clk 00:38:32]} {[%emt 00:01:16]} Ke8 {[%clk 00:05:15]} {[%emt 00:12:24]}
47. Rc2 {[%clk 00:34:59]} {[%emt 00:04:03]} Re3 {[%clk 00:04:59]} {[%emt
00:00:46]} 48. Rc7 {[%clk 00:34:31]} {[%emt 00:00:58]} Rd7 {[%clk 00:04:04]}
{[%emt 00:01:25]} 49. Ng5 {[%clk 00:28:02]} {[%emt 00:06:59]} Nh8 {[%clk
00:01:15]} {[%emt 00:03:20]} 50. Kf2 {[%clk 00:24:25]} {[%emt 00:04:06]} Rxa3
{[%clk 00:01:41]} {[%emt 00:00:04]} 51. Rc8+ {[%clk 00:24:03]} {[%emt
00:00:52]} Rd8 {[%clk 00:02:07]} {[%emt 00:00:04]} 52. d7+ {[%clk 00:24:15]}
{[%emt 00:00:18]} Ke7 {[%clk 00:02:33]} {[%emt 00:00:04]} 53. Rxd8 {[%clk
00:24:14]} {[%emt 00:00:31]} Kxd8 {[%clk 00:03:01]} {[%emt 00:00:01]} 54. e6
{[%clk 00:24:37]} {[%emt 00:00:08]} 1-0

[Event "Hoogeveen Open"]
[Site "Hoogeveen, Netherlands"]
[Date "2018.10.24"]
[Round "6.25"]
[White "Van Dorp, Folke"]
[Black "Warakomska, Anna"]
[Result "0-1"]
[WhiteElo "2097"]
[BlackElo "2293"]

1. e4 {[%clk 01:30:48]} {[%emt 00:00:01]} c5 {[%clk 01:30:52]} {[%emt
00:00:18]} 2. Nc3 {[%clk 01:31:10]} {[%emt 00:00:07]} e6 {[%clk 01:31:12]}
{[%emt 00:00:11]} 3. g3 {[%clk 01:31:29]} {[%emt 00:00:10]} Nc6 {[%clk
01:31:27]} {[%emt 00:00:16]} 4. Bg2 {[%clk 01:31:53]} {[%emt 00:00:06]} g6
{[%clk 01:30:06]} {[%emt 00:01:51]} 5. Nge2 {[%clk 01:32:11]} {[%emt 00:00:12]}
Bg7 {[%clk 01:30:25]} {[%emt 00:00:11]} 6. d3 {[%clk 01:32:32]} {[%emt
00:00:09]} Nge7 {[%clk 01:29:02]} {[%emt 00:01:54]} 7. Be3 {[%clk 01:29:25]}
{[%emt 00:03:35]} Nd4 {[%clk 01:28:20]} {[%emt 00:01:13]} 8. O-O {[%clk
01:28:52]} {[%emt 00:01:02]} Rb8 {[%clk 01:23:06]} {[%emt 00:05:45]} 9. a3
{[%clk 01:21:36]} {[%emt 00:07:46]} b5 {[%clk 01:21:00]} {[%emt 00:02:36]} 10.
b4 {[%clk 01:19:40]} {[%emt 00:02:26]} d6 {[%clk 01:16:58]} {[%emt 00:04:32]}
11. Rb1 {[%clk 01:18:32]} {[%emt 00:01:38]} O-O {[%clk 01:12:33]} {[%emt
00:04:55]} 12. Qd2 {[%clk 01:12:49]} {[%emt 00:06:12]} Bd7 {[%clk 01:06:08]}
{[%emt 00:06:56]} 13. f4 {[%clk 01:04:53]} {[%emt 00:08:26]} Nec6 {[%clk
00:55:36]} {[%emt 00:11:03]} 14. f5 {[%clk 00:44:44]} {[%emt 00:20:38]} cxb4
{[%clk 00:38:16]} {[%emt 00:17:50]} 15. axb4 {[%clk 00:45:07]} {[%emt
00:00:06]} exf5 {[%clk 00:36:27]} {[%emt 00:02:20]} 16. Nf4 {[%clk 00:39:37]}
{[%emt 00:05:59]} fxe4 {[%clk 00:35:55]} {[%emt 00:01:03]} 17. Nxe4 {[%clk
00:37:55]} {[%emt 00:02:12]} Nf5 {[%clk 00:35:35]} {[%emt 00:00:50]} 18. Bf2
{[%clk 00:37:10]} {[%emt 00:01:15]} Be6 {[%clk 00:23:05]} {[%emt 00:13:00]} 19.
c3 {[%clk 00:30:21]} {[%emt 00:07:19]} Qd7 {[%clk 00:20:37]} {[%emt 00:02:56]}
20. Rbe1 {[%clk 00:24:59]} {[%emt 00:05:53]} h6 {[%clk 00:15:03]} {[%emt
00:06:04]} 21. g4 {[%clk 00:19:46]} {[%emt 00:05:43]} Nfe7 {[%clk 00:13:56]}
{[%emt 00:01:38]} 22. h3 {[%clk 00:18:26]} {[%emt 00:01:50]} a5 {[%clk
00:12:31]} {[%emt 00:01:55]} 23. bxa5 {[%clk 00:17:19]} {[%emt 00:01:37]} Nxa5
{[%clk 00:11:41]} {[%emt 00:01:20]} 24. Nxe6 {[%clk 00:15:24]} {[%emt
00:02:24]} fxe6 {[%clk 00:11:56]} {[%emt 00:00:15]} 25. Bg3 {[%clk 00:15:26]}
{[%emt 00:00:29]} Nb7 {[%clk 00:10:30]} {[%emt 00:01:56]} 26. g5 {[%clk
00:14:06]} {[%emt 00:01:49]} Nf5 {[%clk 00:10:01]} {[%emt 00:01:30]} 27. Bh2
{[%clk 00:10:31]} {[%emt 00:04:35]} h5 {[%clk 00:09:32]} {[%emt 00:00:58]} 28.
d4 {[%clk 00:09:18]} {[%emt 00:01:44]} Na5 {[%clk 00:08:35]} {[%emt 00:01:27]}
29. Ng3 {[%clk 00:07:12]} {[%emt 00:02:35]} Nc4 {[%clk 00:06:45]} {[%emt
00:02:21]} 30. Qd3 {[%clk 00:06:49]} {[%emt 00:00:53]} Kh7 {[%clk 00:03:22]}
{[%emt 00:03:53]} 31. Nxf5 {[%clk 00:06:25]} {[%emt 00:00:53]} exf5 {[%clk
00:03:41]} {[%emt 00:00:11]} 32. Bd5 {[%clk 00:06:26]} {[%emt 00:00:29]} Rfe8
{[%clk 00:01:39]} {[%emt 00:02:32]} 33. Bxc4 {[%clk 00:04:17]} {[%emt
00:02:39]} bxc4 {[%clk 00:02:06]} {[%emt 00:00:04]} 34. Qxc4 {[%clk 00:04:32]}
{[%emt 00:00:14]} Rbc8 {[%clk 00:02:31]} {[%emt 00:00:05]} 35. Qd3 {[%clk
00:04:13]} {[%emt 00:00:49]} Qc6 {[%clk 00:02:23]} {[%emt 00:00:38]} 36. Rc1
{[%clk 00:01:35]} {[%emt 00:03:08]} Re4 {[%clk 00:02:25]} {[%emt 00:00:28]} 37.
Kf2 {[%clk 00:00:45]} {[%emt 00:01:20]} Rce8 {[%clk 00:01:46]} {[%emt
00:01:08]} 38. Rfe1 {[%clk 00:00:53]} {[%emt 00:00:23]} Qd5 {[%clk 00:01:37]}
{[%emt 00:00:39]} 39. Rxe4 {[%clk 00:00:49]} {[%emt 00:00:34]} fxe4 {[%clk
00:01:52]} {[%emt 00:00:15]} 40. Qg3 {[%clk 00:00:44]} {[%emt 00:00:35]} e3+
{[%clk 00:01:53]} {[%emt 00:00:29]} 41. Ke1 {[%clk 00:30:23]} {[%emt 00:00:50]}
Qa2 {[%clk 00:30:34]} {[%emt 00:01:49]} 42. Rd1 {[%clk 00:29:51]} {[%emt
00:01:02]} Qc2 {[%clk 00:29:45]} {[%emt 00:01:20]} 0-1